| 000 | 00445nam a22001817a 4500 | ||
|---|---|---|---|
| 003 | koha_MIRAKIL | ||
| 005 | 20231213100335.0 | ||
| 008 | 231213b |||||||| |||| 00| 0 ||| d | ||
| 020 | _b978-6-05-111216-9 | ||
| 040 |
_aTR-IsEVY _btur _cTR-IsEVY |
||
| 082 | _aFIC WIL/S | ||
| 100 | _aWillson, Sarah. | ||
| 245 | 0 |
_aSüngerbob _banneler bilirler |
|
| 250 | _a2. bs. | ||
| 260 |
_bDoğan Egmont, _c2009 |
||
| 300 | _a62 s. | ||
| 942 |
_2ddc _cBK |
||
| 999 |
_c18385 _d18385 |
||